Counselling and psychotheraphy (Record no. 4050)
[ view plain ]
| 000 -LEADER | |
|---|---|
| fixed length control field | 00430nam a22001457a 4500 |
| 008 - FIXED-LENGTH DATA ELEMENTS--GENERAL INFORMATION | |
| fixed length control field | 250702b |||||||| |||| 00| 0 eng d |
| 020 ## - INTERNATIONAL STANDARD BOOK NUMBER | |
| ISBN | 9781556204104 |
| 100 ## - MAIN ENTRY--AUTHOR | |
| Author | Copuzzi David |
| 245 ## - TITLE STATEMENT | |
| Title | Counselling and psychotheraphy |
| Remainder of title | Theories and inyerventions |
| 260 ## - PUBLICATION, DISTRIBUTION, ETC. (IMPRINT) | |
| Place of publication | Alexandria |
| Name of publisher | American counseling association |
| Date of publication | 2022 |
| 300 ## - COLLATION | |
| Pagination | xxi, 447p. |
| Other physical details | ill |
| 650 ## - TRACINGS | |
| Main Subject | Counselling association |
| 942 ## - ADDED ENTRY ELEMENTS (KOHA) | |
| Item type | Books |
| 050 ## - LIBRARY OF CONGRESS CALL NUMBER | |
| Classification number | BF637.C6 |
| Item number | .C63 |
| Source of classification or shelving scheme | Not for loan | Permanent location | Current location | Date acquired | Accession No. | Full call number | Barcode. | Koha item type |
|---|---|---|---|---|---|---|---|---|
| Library of Congress Classification | Samuel Ogbemudia Main Library, University of Abuja | Samuel Ogbemudia Main Library, University of Abuja | 07/02/2025 | 2025/65685 | BF637.C6.C63 | 2025-2771 | Books |